000 00597nam a2200181 a 4500
001 000043415
005 20201002040907.0
008 140314s1992 sp 000 0 spa d
020 _a8432246786
040 _aDO-SdBNP
_bspa
_cBNPHU
082 _axxx
_bxxx
100 1 _aAlmendros, Néstor
_971077
245 1 0 _aCinemanía :
_bensayos sobre cine ; introducción de Martín Scorsese /
_cNéstor Almendros.
260 _aBarcelona :
_bSeix Barral,
_c1992.
300 _a374 p. ;
_c21 cm.
500 _aIncluye datos biográficos del autor en la cubierta.
700 1 2 _aScorsese, Martín
_eintrod
_971078
999 _c42904
_d42904